Štúdium termodynamiky vzniku ortochinónovej štruktúry vybraných flavonoidov
Guardado en:
| Autor principal: | |
|---|---|
| Otros Autores: | |
| Formato: | Manuscrito Libro |
| Lenguaje: | eslovaco |
| Publicado: |
2025
|
| Materias: | |
| Acceso en línea: | http://is.stuba.sk/zp/portal_zp.pl?podrobnosti=183336 |
| Etiquetas: |
Sin Etiquetas, Sea el primero en etiquetar este registro!
|
MARC
| LEADER | 00000ntm a22000003a 4500 | ||
|---|---|---|---|
| 001 | stuzp104593 | ||
| 003 | SK-STU | ||
| 005 | 20250607210634.1 | ||
| 007 | ta | ||
| 008 | 150427s2015----xo-----f-mn---000-0-slo-d | ||
| 040 | |a STU |b slo | ||
| 041 | 0 | |a slo | |
| 100 | 1 | |a Boldišová, Lucia |u 045210 |4 aut |U FCHPT Ústav fyzikálnej chémie a chemickej fyziky |T FCHPT Oddelenie fyzikálnej chémie |X 110578 |U C5210 |Y 117 |7 110578 | |
| 242 | 0 | 1 | |a Thermodynamic Study of Ortho-Quinone Structure Formation in Selected Flavonoids |y eng |
| 245 | 1 | 0 | |a Štúdium termodynamiky vzniku ortochinónovej štruktúry vybraných flavonoidov |
| 260 | |c 2025 | ||
| 650 | 4 | |a demethylation |2 eng | |
| 650 | 4 | |a ionization potential |2 eng | |
| 650 | 4 | |a proton affinity |2 eng | |
| 650 | 4 | |a bond dissociation enthalpy |2 eng | |
| 650 | 4 | |a M06-2X |2 eng | |
| 650 | 4 | |a orthoquinone |2 eng | |
| 650 | 4 | |a flavonoid |2 eng | |
| 650 | 4 | |a antioxidant |2 eng | |
| 650 | 4 | |a antioxidant |2 slo | |
| 650 | 4 | |a demetylácia |2 slo | |
| 650 | 4 | |a ionizačný potenciál |2 slo | |
| 650 | 4 | |a entalpia disociácie väzby |2 slo | |
| 650 | 4 | |a M06-2X |2 slo | |
| 650 | 4 | |a protónová afinita |2 slo | |
| 650 | 4 | |a ortochinón |2 slo | |
| 650 | 4 | |a flavonoid |2 slo | |
| 700 | 1 | |a Klein, Erik |u 045210 |k Z1 |4 ths |U FCHPT Ústav fyzikálnej chémie a chemickej fyziky |T FCHPT Oddelenie fyzikálnej chémie |X 3912 |U C5210 |Y 117 |7 A000003912 | |
| 856 | 4 | |u http://is.stuba.sk/zp/portal_zp.pl?podrobnosti=183336 | |